000 00515nam a22001937a 4500
003 OSt
005 20140310181716.0
008 130122t xxu||||| |||| 00| 0 eng d
050 _a G126 .
_bJ725 1971
082 _a G126 .
_bJ725 1971
245 _aGeography and world affairs.
_cJones, Stephen, Barr
260 _aChicago :
_bRand McNally,
_cc1971.
300 _axi, 659 p. :
_bill. ; maps
_c24 cm.
521 _aGrade 9
526 _c960L-1110L
541 _j1
562 _e1
942 _2lcc
_cBK
_kHS
999 _c1796
_d1796